famous people from the Nordic countries #4 - Statistics

General Stats
  • This quiz has been taken 15 times
  • The average score is 3 of 16
Answer Stats
Picture Answer % Correct
Greta Thunberg
93%
Ingrid Bergman
57%
Mads Mikkelsen
29%
Zara Larsson
29%
Gustav Vasa
21%
Selma Lagerlöf
21%
Anni-Frid Lyngstad
14%
Keke Rosberg
14%
Darude
7%
Henrik Ibsen
7%
Ingvar Kamprad
7%
Magne Furuholmen
7%
Max von Sydow
7%
Jørn Utzon
0%
Markus Persson
0%
Queen Margareta
0%
No matching quizzes found
Score Distribution
Percent of People with Each Score
Percentile by Number Answered
Your Score History
You have not taken this quiz